=LDR 00000nam 2200000 4500 =001 $a INLIS000000000017190 =005 $a 20260428143408 =008 $a 260428################g##########0#eng## =020 ##$$a =035 ##$$a 0010-0624000093 =082 ##$$a 352.23 =084 ##$$a 352.23 WHI r =100 #$$a Whitbread, J.R. =245 ##$$a The Railway Policeman : $b The Story of the Constable on the Track $c J.R.Whitbread =260 ##$$a London : $b George G. Harrap, $c 1961 =300 ##$$a 269 halaman : $b ilus ; $c 21,5 cm $e =520 #$$a =650 #$$a =700 #$$a =856 ##$$a =csr $a 2b43332baf6efda9e882e814f2ce3808